Successful schools for young adolescents (Record no. 35132)

MARC details
000 -LEADER
fixed length control field 00442nam a2200181Ia 4500
020 ## - INTERNATIONAL STANDARD BOOK NUMBER
ISBN 0-87855-487-4
050 ## - CALL MARK
Classification number LB1623.L56
100 ## - STATEMENT OF RESPONSIBILITY--MAIN AUTHOR NAME
Personal name Joan Lipsitz
245 #0 - TITLE STATEMENT
Title Successful schools for young adolescents
260 ## - PUBLICATION, DISTRIBUTION, ETC. (IMPRINT)
Place of publication New Brunswick
260 ## - PUBLICATION, DISTRIBUTION, ETC. (IMPRINT)
Name of publisher Transaction books
260 ## - PUBLICATION, DISTRIBUTION, ETC. (IMPRINT)
Year of publication 1984
300 ## - PHYSICAL DESCRIPTION
Number of Pages 223 p
650 ## - SUBJECT ADDED ENTRY--TOPICAL TERM
Topical Term Secondary Education
942 ## - ADDED ENTRY ELEMENTS (KOHA)
Koha item type Books
Holdings
Withdrawn status Lost status Source of classification or shelving scheme Damaged status Not for loan Permanent Location Current Location Date acquired Accession Number Price effective from Koha item type
    Library of Congress Classification     NILE UNIVERSITY OF NIGERIA - MAIN LIBRARY NILE UNIVERSITY OF NIGERIA - MAIN LIBRARY 04/23/2025 0005048 04/23/2025 Books